|
|
|
|
| LEADER |
00820nab a2200205 i 4500 |
| 001 |
publ23680 |
| 005 |
20220218143341.0 |
| 008 |
220218s2021 hu o 0|| Magyar d |
| 022 |
|
|
|a 1451-1762
|
| 024 |
7 |
|
|a 32173925
|2 mtmt
|
| 040 |
|
|
|a SZTE Publicatio Repozitórium
|b hun
|
| 041 |
|
|
|a Magyar
|
| 100 |
1 |
|
|a Gyémánt Richárd
|
| 245 |
1 |
2 |
|a A történelmi Torontál vármegye Bánlaki járásának nemzetiségi és felekezeti viszonyai
|h [elektronikus dokumentum] :
|b II. rész /
|c Gyémánt Richárd
|
| 260 |
|
|
|c 2021
|
| 300 |
|
|
|a 94-108
|
| 490 |
0 |
|
|a ARACS - A DÉLVIDÉKI MAGYARSÁG KÖZÉLETI FOLYÓIRATA
|v 21 No. 3
|
| 650 |
|
4 |
|a Történettudomány és régészet
|
| 650 |
|
4 |
|a Filozófia, etika és vallástudományok
|
| 856 |
4 |
0 |
|u http://publicatio.bibl.u-szeged.hu/23680/1/AracsXXI.evfolyam3.szamGy.R.pdf
|z Dokumentum-elérés
|